01397nam a22002177a 450000500170000000800410001702000190005802000150007704000070009204100120009908200160011110000190012724500400014626000590018630000260024536500530027152008090032465000150113365000140114865000170116220250619121208.0250618b |||||||| |||| 00| 0 eng d a978-8198680334 a8198680330 cAL aEnglish a261.7bMENC aSteven Menezes aChristians in the largest democracy aNew Delhibdigital writopreneurs hub and academyc2025 a198 p.bHBc24x16 cm. a1459b₹680.00c₹d₹850.00e20%f17-06-2025 aThis book offers a compelling and data-rich exploration of Christianity’s presence in India, the world’s largest democracy. It examines the unique geographic, cultural, and historical roots of Christian communities—particularly among tribal populations in the Northeast—and how conversion patterns have evolved over the decades. The manuscript delves into complex issues such as missionary activity, educational influence, legal classification challenges, and the concept of “crypto-Christians.” Backed by studies, census trends, and contemporary debates, this book serves as a powerful resource for understanding one of India’s most discussed yet often misunderstood religious minorities. Ideal for scholars, policy thinkers, and anyone curious about religion and identity in modern India. aChristians aReligious achristianity